|
|
|
|
| LEADER |
00000cam a2200000 a 4500 |
| 001 |
vtls001092227 |
| 003 |
SK-MaSNL |
| 005 |
20260301104454.0 |
| 008 |
240517s1983 xo a frp 00000 slo |
| 015 |
|
|
|a SNBA1983/09
|
| 035 |
|
|
|a SNK000035069
|
| 040 |
|
|
|a SNK
|b slo
|c SNK
|e AACR2
|
| 041 |
0 |
|
|a slo
|
| 044 |
|
|
|a xo
|c SK
|
| 072 |
|
7 |
|a 37.016
|x Učebné osnovy. Vyučovacie predmety. Učebnice
|2 konspekt
|
| 072 |
|
7 |
|a 632
|x Ochrana rastlín. Fytopatológia
|2 konspekt
|
| 080 |
|
|
|a 582.282.284(075.8)
|2 1981
|
| 080 |
|
|
|a 632.4
|2 2001
|
| 080 |
|
|
|a 57.082.13
|2 2011
|
| 080 |
|
|
|a (075.8)
|2 2011
|
| 100 |
1 |
|
|a Příhoda, Antonín,
|d 1919-2001
|4 aut
|9 173132
|
| 245 |
1 |
0 |
|a Kľúč na určovanie drevokazných húb
|c Antonín Příhoda
|
| 250 |
|
|
|a 1. vyd.
|
| 260 |
|
|
|a Zvolen
|b VŠLD
|c 1983
|e Zvolen
|f Edičné stredisko VŠLD
|
| 300 |
|
|
|a 96 strán
|b ilustrácie
|c 29 cm
|
| 366 |
|
|
|e 300 výtl.
|
| 490 |
1 |
|
|a Vysokoškolské učebné texty
|
| 650 |
0 |
7 |
|a drevokazné huby
|2 SNKPH
|9 27989
|
| 650 |
0 |
7 |
|a určovacie kľúče
|2 SNKPH
|9 87882
|
| 655 |
|
7 |
|a učebnice vysokých škôl
|2 SNKPH
|9 70191
|
| 830 |
|
0 |
|a Vysokoškolské učebné texty
|9 276539
|
| 852 |
|
|
|a Slovenská národná knižnica
|
| 958 |
|
|
|a OND
|
| 958 |
|
|
|a RM
|
| 958 |
|
|
|a UV
|
| 999 |
|
|
|c 698196
|d 700126
|
| 952 |
|
|
|a SNK
|b SNK
|y PREZ
|7 0
|p 17A0779093
|o snkSB 36543
|0 0
|1 0
|4 0
|d 2012-03-29
|f 1
|l 0
|r 2025-04-15 00:00:00
|w 2026-02-23
|
| 952 |
|
|
|t P60, <04>, [BOOK], {604}
|a SNK
|b SNK
|y VYP
|7 0
|p 17A0121145
|o snkSB 36543 D1
|0 0
|1 0
|4 0
|d 1998-02-06
|l 0
|r 2004-12-31 00:00:00
|w 2026-02-23
|